000 00664nam a2200181Ia 4500
008 151018s9999 xx 000 0 und d
082 _bRBASDV12304
_a891.464
100 _aरा चि ढेरे
245 _aमहाराष्ट्राचा देव्हारा
250 _b1
260 _bविश्वकर्मा साहित्यालय
_c1975
300 _a144
600 _aरा चि ढेरे
630 _aमहाराष्ट्राचा देव्हारा
700 _aरा चि ढेरे
730 _aमहाराष्ट्राचा देव्हारा
942 _cBOOK
999 _c1014552
_d1014549